000 01690nam a2200373 c 4500
003 BLK
005 20250128005519.0
008 180413b bul|||||r ||||||| ||bul||
010 _aKNG00022454000
020 _a954-717-069-4
_bиздат.: Дунав прес
040 _aBLK
041 _aBUL
_cBUL
080 _aВътрешна политика. Вж и 329
_b323
_x(497.2)
_z323(497.2)
080 _aТрета българска държава (от 1878)
_b94(497.2)"1878..."
_x
_z94(497.2)"1878..."
080 _aНародна Република България (1946 - 1990)
_b94(497.2)"1946/1990"
_x
_z94(497.2)"1946/1990"
080 _aОрганизация на възпитанието и образованието. Училищно дело.
_b37.09
_x(497.2)
_z37.09(497.2)
100 1 _aДимитров, Илчо Иванов
_eпърви автор
_9365335
139 _aДимитров, Илчо Иванов
_bД 58
245 1 0 _aОтгласи от тътена
_bПолит. и ист. теми
_cИлчо Иванов Димитров.
257 _aBGR
260 Русе
_bДунав прес
_c1998
300 _a384 с.
_c24 см
380 _a3
500 _aДеп. списък: 22 ; 1 500 тир. - Геогр. руб.: България.
650 0 _aВътрешна политика - България
_9249071
650 0 _aБългария - история, нова
_9241998
650 4 _aОбразование и просвета - България
_9262383
852 _aЦб 197029
856 4 _qpdf
_u
856 4 _qpdf
_u
942 _cKNG
_n0
944 _aCR
_c15.01.2003
_k
_lCRON CRON
944 _aED
_c15.01.2003
_k
999 _c20248
_d20248